| 000 | 01327nam a22002897a 4500 | ||
|---|---|---|---|
| 999 |
_c65411 _d65411 |
||
| 005 | 20240530110823.0 | ||
| 008 | 190725s2019 ua g 000 0 ara d | ||
| 017 |
_a2018/15174 _bمصر. دار الكتب |
||
| 020 | _a9789778123432 | ||
| 040 |
_aEG-CaGPL _cEG-CaGPL |
||
| 082 |
_221 _a327.16/ _bج م |
||
| 100 | 0 | _aجهاد عودة | |
| 245 | 1 | 2 |
_aالموجات الثورية وعدم الاستقرار فى الشرق الاوسط والاتحاد الاوربى / _cجهاد عودة |
| 250 | _aط.1 | ||
| 260 |
_aالقاهرة : _bالمكتب العربى للمعارف، _c2019. |
||
| 300 |
_a497 ص. ؛ _c24 سم. |
||
| 650 | 0 | 7 |
_2qrmak _aالثورات |
| 650 | 0 | 7 |
_2qrmak _aالتمرد والعصيان |
| 650 | 0 | 7 |
_2qrmak _aالمنازعات الدولية |
| 650 | 0 | 7 |
_2qrmak _aالاسلحة النووية _zايران |
| 651 | 0 | 7 |
_2qrmak _aتركيا _xالعلاقات الخارجية _zالولايات المتحدة الامريكية |
| 651 | 0 | 7 |
_2qrmak _aالولايات المتحدة الامريكية _xالعلاقات الخارجية _zتركيا |
| 651 | 0 | 7 |
_2qrmak _aتركيا _xالعلاقات الخارجية _zاسرائيل |
| 651 | 0 | 7 |
_2qrmak _aاسرائيل _xالعلاقات الخارجية _zتركيا |
| 942 |
_2ddc _cBK |
||